| 000 | 00358nam a2200145 a 4500 | ||
|---|---|---|---|
| 001 | 1075 | ||
| 003 | CDMR | ||
| 005 | 20130708110013.0 | ||
| 008 | 130130s1997||||||||||||||||||||||||||||d | ||
| 040 |
_aCDMR _bcat _cCPC GIRONA |
||
| 100 | 1 |
_aVilanova, Santiago _9843 |
|
| 245 | 1 | 3 |
_aEl secret d'Hiva Oa _cVilanova, Santiago |
| 260 |
_c1997 _bLaertes |
||
| 942 |
_cMON _2udc |
||
| 999 |
_c1075 _d1075 |
||